000
003340000a22001570004500
001
000214
003
MACL
040
_a
MACL
090
_c
214
_d
214
100
_a
Futehally, Laeeq
245
_a
Gardens
_c
Laeeq Futehally
260
_a
National Book Trust,
_c
1997
350
_a
44
650
_a
Garden Agriculture
942
_k
635
_c
Book
999
_c
49521
_d
49521